[Event "Oberliga Nord O 0708"]
[Site "Germany"]
[Date "2008.03.09"]
[Round "7.5"]
[White "Baumbach, Friedrich"]
[Black "Buck, Jens"]
[Result "1/2-1/2"]
[WhiteElo "2291"]
[BlackElo "2211"]
[PlyCount "118"]
[EventDate "2007.10.21"]
[EventType "team-tourn"]
[EventRounds "9"]
[EventCountry "GER"]
[SourceTitle "EXT 2009"]
[Source "ChessBase"]
[SourceDate "2008.11.26"]
[SourceVersion "1"]
[SourceVersionDate "2008.11.26"]
[SourceQuality "1"]
[WhiteTeam "Friesen Lichtenberg"]
[BlackTeam "Pankow Rotation"]
[WhiteTeamCountry "GER"]
[BlackTeamCountry "GER"]

1. d4 Nf6 2. Nf3 e6 3. c4 d5 4. Nc3 Be7 5. Bg5 Nbd7 6. e3 0-0 7. Qc2 c6 8. Rd1 Re8 9. a3 Qa5 10. cxd5 exd5 11. Bd3 Bf8 12. 0-0 g6 13. Rb1 a6 14. b4 Qc7 15. Rfc1 Qd6 16. a4 Nh5 17. e4 f6 18. Bd2 dxe4 19. Nxe4 Qe7 20. Re1 Qd8 21. Qb3+ Kh8 22. Neg5 Rxe1+ 23. Rxe1 fxg5 24. Nxg5 Qf6 25. Re6 Qg7 26. Re8 Nhf6 27. Nf7+ Kg8 28. Nd6+ Nd5 29. Rxc8 Rxc8 30. Nxc8 Qxd4 31. Qc4 Qa1+ 32. Bf1 Qe5 33. b5 axb5 34. axb5 Qc7 35. bxc6 bxc6 36. Na7 Qxa7 37. Qxc6 N7b6 38. g3 Qc7 39. Qb5 Qc2 40. Bg5 Qc5 41. Qe2 Qd6 42. h4 Be7 43. Bc1 Bf6 44. h5 g5 45. Qg4 Qd7 46. Qf3 Qe6 47. Bd2 Ne7 48. Bb4 Kg7 49. Qb7 Qc6 50. Qb8 Nd7 51. Qb5 Qxb5 52. Bxb5 Ne5 53. f4 gxf4 54. gxf4 Nf3+ 55. Kf2 Nd4 56. Be8 Nd5 57. Bd2 Nb3 58. Be3 Bd4 59. Bxd4+ Nxd4 1/2-1/2

[Event "Oberliga Nord O 0708"]
[Site "Germany"]
[Date "2008.01.20"]
[Round "5.4"]
[White "Buck, Jens"]
[Black "Bilek, Michael"]
[Result "1/2-1/2"]
[WhiteElo "2211"]
[BlackElo "2325"]
[PlyCount "96"]
[EventDate "2007.10.21"]
[EventType "team-tourn"]
[EventRounds "9"]
[EventCountry "GER"]
[SourceTitle "EXT 2009"]
[Source "ChessBase"]
[SourceDate "2008.11.26"]
[SourceVersion "1"]
[SourceVersionDate "2008.11.26"]
[SourceQuality "1"]
[WhiteTeam "Pankow Rotation"]
[BlackTeam "Lasker Steglitz"]
[WhiteTeamCountry "GER"]
[BlackTeamCountry "GER"]

1. e4 Nf6 2. Nc3 d5 3. e5 Nfd7 4. f4 e6 5. Nf3 c5 6. Be2 Nc6 7. 0-0 Be7 8. Qe1 0-0 9. b3 f6 10. exf6 Bxf6 11. Bb5 Nd4 12. Nxd4 Bxd4+ 13. Kh1 e5 14. Rb1 a6 15. Bxd7 Bxd7 16. Ne2 Bf5 17. Nxd4 exd4 18. d3 Re8 19. Qf2 Bg4 20. Qg3 Qd7 21. h3 Bf5 22. Qf3 Rac8 23. g4 Be4 24. dxe4 dxe4 25. Qg3 Qd5 26. Bb2 c4 27. bxc4 Rxc4 28. Qg2 Qc6 29. Rbc1 Qb5 30. Ba1 e3 31. Rb1 Qc6 32. Rxb7 Qxg2+ 33. Kxg2 Rxc2+ 34. Kf3 e2 35. Re1 d3 36. Rxg7+ Kf8 37. Rd7 d2 38. Rxe2 d1Q 39. Rxd1 Rexe2 40. a3 Rh2 41. Kg3 Rhd2 42. Rb1 Rd3+ 43. Kh4 Rxa3 44. Be5 Rd2 45. Rb6 Ke8 46. Re6+ Kf7 47. Rh6 Kf8 48. Kg5 Rd7 1/2-1/2

[Event "Berlin tt 0001"]
[Site "Berlin"]
[Date "2001.01.21"]
[Round "5.7"]
[White "Buck, Jens"]
[Black "Klemp, Joachim"]
[Result "1-0"]
[WhiteElo "2144"]
[BlackElo "2034"]
[PlyCount "55"]
[EventDate "2000.10.22"]
[EventType "team"]
[EventRounds "11"]
[EventCountry "GER"]
[SourceTitle "EXT 2007"]
[Source "ChessBase"]
[SourceDate "2006.11.23"]
[SourceVersion "1"]
[SourceVersionDate "2006.11.23"]
[SourceQuality "1"]

1. e4 c5 2. b3 Nc6 3. Bb2 d6 4. Bb5 a6 5. Bxc6+ bxc6 6. f4 e5 7. Nf3 exf4 8. 0-0 Bg4 9. Nc3 Ne7 10. Ne2 Ng6 11. d4 cxd4 12. Qxd4 f6 13. Rad1 Qc7 14. Bc1 Ne5 15. Nxf4 Qa7 16. Qxa7 Rxa7 17. Ba3 Rd7 18. h3 Bxf3 19. gxf3 Be7 20. c4 g5 21. Nh5 Ng6 22. Ng7+ Kf7 23. Nf5 Rhd8 24. Rfe1 d5 25. Nxe7 Nxe7 26. Rf1 d4 27. Bc5 Ng6 28. Bb6 1-0

[Event "Berlin tt 0001"]
[Site "Berlin"]
[Date "2000.12.03"]
[Round "3.7"]
[White "Budt, Matthias"]
[Black "Buck, Jens"]
[Result "1/2-1/2"]
[WhiteElo "2050"]
[BlackElo "2144"]
[PlyCount "107"]
[EventDate "2000.10.22"]
[EventType "team"]
[EventRounds "11"]
[EventCountry "GER"]
[SourceTitle "EXT 2007"]
[Source "ChessBase"]
[SourceDate "2006.11.23"]
[SourceVersion "1"]
[SourceVersionDate "2006.11.23"]
[SourceQuality "1"]

1. c4 Nf6 2. Nc3 e5 3. g3 d5 4. cxd5 Nxd5 5. Bg2 Nb6 6. Nf3 Nc6 7. 0-0 Be7 8. a3 a5 9. d3 0-0 10. Be3 Be6 11. Ne4 Nd5 12. Bc5 f6 13. Rc1 Rb8 14. Bxe7 Ndxe7 15. Nc5 Bd5 16. e4 Bf7 17. Bh3 Re8 18. Nd7 Ra8 19. d4 exd4 20. Nxd4 Nxd4 21. Qxd4 Nc6 22. Qa4 Qe7 23. Rfe1 Rad8 24. Rcd1 Ne5 25. Nxe5 Qxe5 26. Rxd8 Rxd8 27. Rd1 Rxd1+ 28. Qxd1 g6 29. Qc2 c5 30. Bf1 Qd4 31. b3 Kg7 32. h4 Be8 33. a4 Bc6 34. Bg2 b6 35. Kh2 Bd7 36. Bf1 f5 37. Bg2 fxe4 38. Bxe4 Be6 39. Bd3 Bd5 40. Bc4 Bf3 41. Kg1 Kf6 42. Qc1 Qd1+ 43. Qxd1 Bxd1 44. f4 Kf5 45. Bd5 h6 46. Kf2 Bc2 47. Kf3 Bd1+ 48. Ke3 Bc2 49. Bg8 h5 50. Bd5 Kg4 51. Kf2 Kf5 52. Kf3 Bd1+ 53. Ke3 Kg4 54. Kf2 1/2-1/2

[Event "Oberliga Nord O 9899"]
[Site "Germany"]
[Date "1999.??.??"]
[Round "?"]
[White "Lieb, Harald"]
[Black "Buck, Jens"]
[Result "0-1"]
[WhiteElo "2230"]
[BlackElo "2195"]
[PlyCount "110"]
[EventDate "1998.10.??"]
[EventType "team"]
[EventRounds "9"]
[EventCountry "GER"]
[SourceTitle "EXT 2000"]
[Source "ChessBase"]
[SourceDate "1999.11.16"]
[SourceVersion "1"]
[SourceVersionDate "1999.11.16"]
[SourceQuality "1"]

1. d4 Nf6 2. Nf3 d5 3. c4 e6 4. g3 Be7 5. Bg2 0-0 6. 0-0 b6 7. Nc3 Bb7 8. cxd5 exd5 9. Bg5 Ne4 10. Bxe7 Qxe7 11. e3 Nxc3 12. bxc3 Nd7 13. Rc1 Nf6 14. Ne5 Ne4 15. c4 f6 16. Nd3 c6 17. cxd5 cxd5 18. Nf4 g5 19. Nd3 Rac8 20. Rxc8 Rxc8 21. Qa4 Bc6 22. Qa6 Qd7 23. Rc1 Rd8 24. Qa3 Bb5 25. Qb3 Ba4 26. Qb4 Bb5 27. Nb2 a5 28. Qb3 Nd2 29. Qc2 Nc4 30. a4 Ba6 31. Qb3 b5 32. axb5 Bxb5 33. Nd3 a4 34. Qc3 Rc8 35. Nc5 Qd6 36. Qb4 Rb8 37. Rb1 Rb6 38. Qe1 a3 39. Ra1 Bc6 40. Bf1 Qb8 41. e4 Rb2 42. exd5 Bxd5 43. Qe7 Nd2 44. Nd7 Nf3+ 45. Kg2 Nxd4+ 46. Kg1 Nf3+ 47. Kg2 Ne5+ 48. Kg1 Nxd7 49. Qxd7 Qe5 50. Rc1 Bf7 51. Rc8+ Kg7 52. Bc4 Qe1+ 53. Kg2 Qxf2+ 54. Kh3 Qxh2+ 55. Kg4 Qh5+ 0-1

[Event "Oberliga Nord O 9697"]
[Site "Germany"]
[Date "1997.??.??"]
[Round "?"]
[White "Schmidt, Peter2222"]
[Black "Buck, Jens"]
[Result "0-1"]
[WhiteElo "2410"]
[BlackElo "2195"]
[PlyCount "75"]
[EventDate "1996.10.??"]
[EventType "team"]
[EventRounds "9"]
[EventCountry "GER"]
[SourceTitle "EXT 1998"]
[Source "ChessBase"]
[SourceDate "1997.11.17"]
[SourceVersion "1"]
[SourceVersionDate "1997.11.17"]
[SourceQuality "1"]

1. d4 Nf6 2. c4 e6 3. Nc3 Bb4 4. e3 0-0 5. Bd3 Bxc3+ 6. bxc3 d6 7. Ba3 Re8 8. Ne2 b6 9. 0-0 Bb7 10. Ng3 Nbd7 11. f3 Nf8 12. Qc2 Ng6 13. Rad1 Qd7 14. Bc1 Bc6 15. Rde1 Ba4 16. Qf2 c5 17. f4 e5 18. Bf5 Qb7 19. fxe5 dxe5 20. e4 exd4 21. Bg5 Nd7 22. cxd4 cxd4 23. Qxd4 Nde5 24. Rb1 h6 25. Bxh6 gxh6 26. Nh5 Qe7 27. Bxg6 fxg6 28. Nf6+ Kg7 29. Nxe8+ Rxe8 30. c5 Qxc5 31. Qxc5 bxc5 32. Rb7+ Kg8 33. Rxa7 Bc6 34. Rc7 Bb5 35. Re1 Rb8 36. Re7 Nd3 37. Rf1 Rf8 38. Rc7 0-1